[Event "RUS-ch Seniors"]
[Site "Odintsovo"]
[Date "2011.04.23"]
[Round "5"]
[White "Vorobiov, Nikolai"]
[Black "Shaiter, Viktor S"]
[Result "1-0"]
[WhiteElo "2023"]
[BlackElo "2333"]
[PlyCount "97"]
[EventDate "2011.04.19"]
[EventType "swiss"]
[EventRounds "9"]
[EventCountry "RUS"]
[SourceTitle "CBM 142 Extra"]
[Source "ChessBase"]
[SourceDate "2011.06.27"]
[SourceVersion "1"]
[SourceVersionDate "2011.06.27"]
[SourceQuality "1"]

1. d4 Nf6 2. Nf3 e6 3. c4 b6 4. Nc3 Bb7 5. Bg5 Be7 6. e3 0-0 7. Bd3 d5 8. cxd5 Nxd5 9. Bxe7 Qxe7 10. 0-0 Nxc3 11. bxc3 Nd7 12. Qc2 h6 13. Nd2 Nf6 14. e4 e5 15. d5 a5 16. a4 Ba6 17. c4 Nd7 18. Rfe1 Rfe8 19. Re3 Rad8 20. Bf1 Nc5 21. Rg3 Rd6 22. Raa3 Bc8 23. Nb3 Nd7 24. c5 Rg6 25. Bb5 Rxg3 26. hxg3 Rd8 27. Bxd7 Bxd7 28. Ra1 Rb8 29. c6 Bg4 30. f3 Bh5 31. Qc4 Rd8 32. Kf2 Bg6 33. Rd1 Kh7 34. Nd2 f6 35. Nb1 f5 36. Nc3 Kh8 37. Nb5 fxe4 38. fxe4 Be8 39. Rd3 Kh7 40. Qc3 Qf7+ 41. Rf3 Qe7 42. Rf5 Qb4 43. Qxb4 axb4 44. Nxc7 Bg6 45. Rxe5 b3 46. Nb5 Be8 47. Rxe8 Rxe8 48. Ke3 b2 49. Nc3 1-0

[Event "RUS-ch Seniors"]
[Site "Odintsovo"]
[Date "2011.04.21"]
[Round "3"]
[White "Bobylev, Valentin"]
[Black "Shaiter, Viktor S"]
[Result "1-0"]
[WhiteElo "2073"]
[BlackElo "2333"]
[PlyCount "45"]
[EventDate "2011.04.19"]
[EventType "swiss"]
[EventRounds "9"]
[EventCountry "RUS"]
[SourceTitle "CBM 142 Extra"]
[Source "ChessBase"]
[SourceDate "2011.06.27"]
[SourceVersion "1"]
[SourceVersionDate "2011.06.27"]
[SourceQuality "1"]

1. e4 c5 2. Nf3 d6 3. Bb5+ Nc6 4. c3 Bd7 5. 0-0 Nf6 6. Qe2 e5 7. Rd1 Be7 8. d4 cxd4 9. cxd4 Qc7 10. Nc3 0-0 11. Bg5 Rad8 12. Rac1 exd4 13. Nd5 d3 14. Qf1 Nxd5 15. exd5 Bxg5 16. Nxg5 Qb6 17. Qxd3 g6 18. dxc6 bxc6 19. Ba4 d5 20. Qd4 h6 21. Nf3 Be8 22. Qxb6 axb6 23. Bxc6 1-0

[Event "RUS-ch Seniors"]
[Site "Odintsovo"]
[Date "2011.04.19"]
[Round "1"]
[White "Shaiter, Viktor S"]
[Black "Trofimovsky, Alexander"]
[Result "0-1"]
[WhiteElo "2333"]
[BlackElo "2126"]
[PlyCount "64"]
[EventDate "2011.04.19"]
[EventType "swiss"]
[EventRounds "9"]
[EventCountry "RUS"]
[SourceTitle "CBM 142 Extra"]
[Source "ChessBase"]
[SourceDate "2011.06.27"]
[SourceVersion "1"]
[SourceVersionDate "2011.06.27"]
[SourceQuality "1"]

1. Nf3 c5 2. c4 Nc6 3. e3 e5 4. Nc3 Nf6 5. d3 d5 6. cxd5 Nxd5 7. Nxd5 Qxd5 8. Be2 Be7 9. 0-0 0-0 10. a3 Be6 11. Bd2 Rfd8 12. Qc2 Rac8 13. Rac1 f5 14. Rfd1 Qb3 15. Qc3 Bf6 16. Rf1 Qa4 17. Qc2 Bb3 18. Qb1 c4 19. d4 exd4 20. exd4 Nxd4 21. Nxd4 Bxd4 22. Bc3 Qb5 23. Bxd4 Rxd4 24. Rc3 Qd7 25. Qc1 b5 26. h3 Rd8 27. g3 Bd1 28. Re3 f4 29. gxf4 Bxe2 30. Rxe2 Qxh3 31. Qe3 Qg4+ 32. Qg3 Qxe2 0-1